|
|
|
|
| LEADER |
01125nam a2200325 a 4500 |
| 001 |
000689539 |
| 003 |
CZ BrMZK |
| 005 |
20061017145911.0 |
| 007 |
ta |
| 008 |
030926s2003 xr ab f 000 0 cze d |
| 015 |
|
|
|a cnb001286021
|
| 020 |
|
|
|a 80-239-1764-1
|q (brož.)
|
| 035 |
|
|
|a (OCoLC)85076902
|
| 040 |
|
|
|a BOA001
|b cze
|
| 043 |
|
|
|a e-xr---
|b e-xr-ol
|2 czenas
|
| 080 |
|
|
|a 94(437.325)
|2 MRF
|
| 080 |
|
|
|a (082.2)
|2 MRF
|
| 100 |
1 |
|
|a Navrátilová, Eva
|7 ola2006329996
|4 aut
|
| 245 |
1 |
0 |
|a Paměti obce Suchonice :
|b 1303-2003 /
|c [autoři Eva Navrátilová a Jiří Vidlička]
|
| 246 |
3 |
3 |
|a Suchonice
|
| 260 |
|
|
|a Suchonice :
|b Obecní úřad ;
|a Olomouc :
|b Burian a Tichák,
|c 2003
|
| 300 |
|
|
|a 30 s. :
|b il., mapa ;
|c 21 cm
|
| 500 |
|
|
|a Náklad 500 výt
|
| 504 |
|
|
|a Obsahuje bibliografii
|
| 655 |
|
7 |
|a jubilejní publikace
|7 fd131839
|2 czenas
|
| 651 |
|
7 |
|a Suchonice (Česko)
|7 ge208663
|x dějiny
|2 czenas
|
| 700 |
1 |
|
|a Vidlička, Jiří,
|d 1979-
|7 ola2006329710
|4 aut
|
| 910 |
|
|
|a BOA001
|b 2-1123.564
|
| 990 |
|
|
|a BK
|
| 996 |
6 |
|
|b 2610199848
|c 2-1123.564
|l MZK
|r Sklad / do 1 hodiny
|n 5
|p p.v.
|w 000689539
|u 000010
|a 1
|e BOA001
|j MZK50
|s P
|